00869nam a2200217 a 450000100100000000500170001000800410002702000150006804000250008310000390010824500510014726000730019830000280027149000290029950000210032850400730034971000710042283000350049395201060052899900170063400004198720201002035852.0130725s1992 sp a 001 0 spa d a8400072324 aDO-SdBNPbspacBNPHU1 aBassols de Climent, Mariano96849010aSintaxis latina /cMariano Bassols de Climent. aMadrid :bConsejo Superior de Investigaciones Científicas.,c1992. a557 p. :bil. ;c22 cm.1 aTextos universitariosv7 aIncluye índice aIncluye referencias bibliográficas y notas al pie de las páginas2 aConsejo Superior de Investigaciones Científicas(España)967719 0aTextos universitariosv791147 0010507-18MOaGRbGRcOId2013-10-29iLF1l0o p41987-10r2020-06-25w2020-06-25y1ZNo se presta c41476d41476